| 000 | 00465nam a22001697a 4500 | ||
|---|---|---|---|
| 005 | 20180808130458.0 | ||
| 008 | 160514b xxu||||| |||| 00| 0 eng d | ||
| 020 | _a978-0-07-061563-2 | ||
| 041 | _aeng | ||
| 082 |
_b2264 _a658.3 |
||
| 100 |
_aCASCIO,WAYNE F . _94723 |
||
| 245 | _aMANAGING HUMAN RESOURCE:productivity quality of work life profits | ||
| 260 |
_aNew Delhi _bTata McGraw Hill Ltd. _c2006 |
||
| 300 | _a671p, | ||
| 650 |
_aManagement _9241 |
||
| 942 | _cBK | ||
| 999 |
_c831 _d831 |
||